[Event "Titled Tuesday intern op 16th Jan Late"]
[Site "Chess.com INT"]
[Date "2024.01.16"]
[Round "8"]
[White "Avalos Parra, Joao"]
[Black "Kim, Sergey2"]
[Result "0-1"]
[WhiteElo "2178"]
[BlackElo "2295"]
[PlyCount "86"]
[EventDate "2024.01.16"]
[EventType "swiss (blitz)"]
[EventRounds "11"]
[EventCountry "USA"]
[SourceTitle "CB04_2024"]
[SourceDate "2023.10.16"]
[SourceVersion "1"]
[SourceVersionDate "2023.10.16"]
[SourceQuality "1"]

1. d4 Nf6 2. c4 g6 3. Nf3 Bg7 4. Nc3 d6 5. Bg5 0-0 6. e3 Nbd7 7. Be2 e5 8. Qc2 Re8 9. h3 c6 10. Rd1 h6 11. Bh4 Qe7 12. 0-0 g5 13. Bg3 e4 14. Nd2 Nf8 15. b4 Bf5 16. a4 Ng6 17. a5 a6 18. Qa4 h5 19. b5 h4 20. Bh2 Qd7 21. bxc6 bxc6 22. d5 c5 23. Qxd7 Nxd7 24. Na4 Be5 25. Rb1 Rab8 26. Nb6 Nxb6 27. Rxb6 Rxb6 28. axb6 Rb8 29. Rb1 Rb7 30. Bd1 Bxh2+ 31. Kxh2 Ne5 32. Ba4 Bd7 33. Bxd7 Nxd7 34. Nxe4 Rxb6 35. Rxb6 Nxb6 36. Nxd6 a5 37. Nb7 a4 38. Nxc5 a3 39. Nb3 Nxc4 40. g3 Kf8 41. Kg2 a2 42. gxh4 gxh4 43. Kf1 Nd2+ 0-1

[Event "Titled Tuesday intern op 16th Jan Late"]
[Site "Chess.com INT"]
[Date "2024.01.16"]
[Round "6"]
[White "Avalos Parra, Joao"]
[Black "Yagupov, Igor"]
[Result "0-1"]
[WhiteElo "2178"]
[BlackElo "2290"]
[PlyCount "126"]
[EventDate "2024.01.16"]
[EventType "swiss (blitz)"]
[EventRounds "11"]
[EventCountry "USA"]
[SourceTitle "CB04_2024"]
[SourceDate "2023.10.16"]
[SourceVersion "1"]
[SourceVersionDate "2023.10.16"]
[SourceQuality "1"]

1. d4 d5 2. c4 c6 3. Nf3 Nf6 4. Nc3 e6 5. Bg5 h6 6. Bxf6 Qxf6 7. e3 Nd7 8. Be2 g6 9. 0-0 Bg7 10. e4 dxc4 11. e5 Qe7 12. Nd2 0-0 13. Nxc4 c5 14. f4 cxd4 15. Qxd4 Qc5 16. Qxc5 Nxc5 17. b4 Na6 18. a3 Bd7 19. Rfd1 Rad8 20. Na5 Bc8 21. Bxa6 bxa6 22. Nc6 Rd7 23. Ne4 Rxd1+ 24. Rxd1 Bb7 25. Rd6 g5 26. g3 gxf4 27. gxf4 Kh7 28. Nc5 Bxc6 29. Rxc6 Kg6 30. Kf2 a5 31. bxa5 Rb8 32. Rc7 Bf8 33. Nd7 Rb2+ 34. Kg3 Rb3+ 35. Kg2 Rb2+ 36. Kf3 Rb3+ 37. Ke4 Bxa3 38. Rxa7 Bc1 39. Nf8+ Kg7 40. Nxe6+ Kg8 41. Nd4 Rb4 42. Rd7 Ra4 43. Rd5 Bb2 44. f5 Kg7 45. f6+ Kg6 46. Rd8 Bxd4 47. Rxd4 Rxa5 48. Rb4 Ra2 49. h4 Re2+ 50. Kf4 Rf2+ 51. Kg4 h5+ 52. Kg3 Re2 53. Kf4 Rg2 54. Rb8 Rg4+ 55. Kf3 Rxh4 56. Rg8+ Kf5 57. Rg7 Ke6 58. Rh7 Rh2 59. Kf4 Rh4+ 60. Kg5 Re4 61. Kxh5 Rxe5+ 62. Kg4 Rf5 63. Rxf7 Rxf6 0-1

[Event "Titled Tuesday intern op 05th Sep Early"]
[Site "Chess.com INT"]
[Date "2023.09.05"]
[Round "3"]
[White "Avalos Parra, Joao"]
[Black "Taboas Rodriguez, Daniel"]
[Result "1/2-1/2"]
[WhiteElo "2185"]
[BlackElo "2368"]
[PlyCount "158"]
[EventDate "2023.09.05"]
[EventType "swiss (blitz)"]
[EventRounds "11"]
[EventCountry "USA"]
[SourceTitle "EXT 2024"]
[Source "ChessBase"]
[SourceDate "2023.10.10"]
[SourceVersion "1"]
[SourceVersionDate "2023.10.10"]
[SourceQuality "1"]

1. d4 Nf6 2. c4 g6 3. Nc3 Bg7 4. e4 d6 5. Be2 0-0 6. Be3 Nc6 7. g4 e5 8. d5 Nd4 9. f3 h5 10. g5 Nh7 11. h4 f5 12. Qd2 fxe4 13. fxe4 Nxe2 14. Ngxe2 Bg4 15. 0-0-0 Qd7 16. Rdf1 a6 17. Kb1 Bh3 18. Rf2 Rxf2 19. Bxf2 Rf8 20. Qe3 Bg4 21. Nc1 Rf3 22. Qe1 Nf8 23. Nb3 Qf7 24. Rh2 Nd7 25. Nd2 Rh3 26. Rxh3 Bxh3 27. Be3 Bf8 28. Nd1 Be7 29. Qg3 Bg4 30. Nf2 Be2 31. Kc2 c6 32. b3 Bd8 33. Nb1 Ba5 34. a3 c5 35. Bd2 Bxd2 36. Kxd2 Qf3 37. Qxf3 Bxf3 38. Ke3 Bg2 39. Nc3 Kf7 40. Nd3 Bf1 41. Ne1 Ke7 42. Kf2 Bh3 43. Kg3 Bg4 44. Ng2 Nb8 45. Ne3 Bd7 46. Kf3 b5 47. Ke2 Kd8 48. Kd3 Kc7 49. Ned1 Kb6 50. Nb2 Bg4 51. b4 cxb4 52. axb4 Nd7 53. cxb5 axb5 54. Na2 Ka6 55. Nc1 Nb6 56. Nb3 Na4 57. Kc2 Be2 58. Nd2 Kb6 59. Kb3 Nxb2 60. Kxb2 Bd3 61. Kc3 Be2 62. Nb1 Bf3 63. Kd3 Kc7 64. Nc3 Kb6 65. Ke3 Bg4 66. Na2 Bd7 67. Nc1 Ka6 68. Nb3 Kb6 69. Na5 Kc7 70. Kd3 Kb6 71. Kc3 Kc7 72. Nb3 Kb6 73. Nc1 Kc7 74. Ne2 Kb6 75. Ng1 Bg4 76. Kd2 Kc7 77. Ke3 Kd7 78. Nf3 Bxf3 79. Kxf3 Kc7 1/2-1/2

[Event "Titled Tuesday intern op 01st Aug Early"]
[Site "Chess.com INT"]
[Date "2023.08.01"]
[Round "4"]
[White "Degenbaev, Aziz"]
[Black "Avalos Parra, Joao"]
[Result "1-0"]
[WhiteElo "2242"]
[BlackElo "2185"]
[PlyCount "63"]
[EventDate "2023.08.01"]
[EventType "swiss (blitz)"]
[EventRounds "11"]
[EventCountry "USA"]
[SourceTitle "EXT 2024"]
[Source "ChessBase"]
[SourceDate "2023.10.10"]
[SourceVersion "1"]
[SourceVersionDate "2023.10.10"]
[SourceQuality "1"]

1. d4 e6 2. Nf3 Nf6 3. c4 d5 4. g3 Bb4+ 5. Bd2 Be7 6. Bg2 0-0 7. 0-0 Nbd7 8. Qc2 c6 9. Rd1 a5 10. a3 h6 11. Bf4 Ne4 12. Nc3 f5 13. Ne5 Nxe5 14. Bxe5 Rf7 15. Nxe4 fxe4 16. f3 exf3 17. exf3 Bf6 18. Bxf6 Qxf6 19. f4 Bd7 20. b4 Qd8 21. c5 Be8 22. Bf1 Rf6 23. Bd3 h5 24. Qe2 h4 25. Kg2 Rh6 26. Bc2 Qf6 27. Qe5 Bh5 28. Qxf6 Rxf6 29. Re1 Raf8 30. bxa5 g5 31. Re5 Rf5 32. Bxf5 1-0

[Event "Titled Tuesday intern op 18th Jul Late"]
[Site "Chess.com INT"]
[Date "2023.07.18"]
[Round "7"]
[White "Curtis, John"]
[Black "Avalos Parra, Joao"]
[Result "0-1"]
[WhiteElo "2292"]
[BlackElo "2185"]
[PlyCount "112"]
[EventDate "2023.07.18"]
[EventType "swiss (blitz)"]
[EventRounds "11"]
[EventCountry "USA"]
[SourceTitle "EXT 2024"]
[Source "ChessBase"]
[SourceDate "2023.10.10"]
[SourceVersion "1"]
[SourceVersionDate "2023.10.10"]
[SourceQuality "1"]

1. e4 e5 2. Nf3 Nc6 3. Bb5 a6 4. Bxc6 dxc6 5. 0-0 Bd6 6. d4 exd4 7. Nxd4 Ne7 8. Re1 c5 9. Nb3 0-0 10. e5 Bxe5 11. Qxd8 Rxd8 12. Nxc5 Bd6 13. Ne4 Be6 14. Nxd6 Rxd6 15. Bf4 Rd7 16. Nc3 Rad8 17. Ne4 b6 18. Ng5 Bf5 19. c3 Ng6 20. Bg3 c5 21. h3 b5 22. Nf3 f6 23. b4 cxb4 24. cxb4 Kf7 25. a4 Bd3 26. axb5 Bxb5 27. Rac1 Ne7 28. Bc7 Rc8 29. Bb6 Rxc1 30. Rxc1 Nd5 31. Bc5 Nf4 32. Ra1 Rd3 33. Ne1 Rc3 34. h4 Ne6 35. Be3 Rb3 36. Nc2 Bd3 37. Ra2 Bxc2 38. Rxc2 Rxb4 39. g3 Ra4 40. Rc6 Ra2 41. Rb6 h5 42. Kg2 a5 43. Kf3 a4 44. Ke4 a3 45. Kd5 Nf8 46. Rb7+ Kg6 47. Ra7 Nh7 48. Bc5 Rd2+ 49. Kc4 a2 50. Kb3 Rd5 51. Be3 Nf8 52. Kxa2 Ne6 53. Kb3 Nd8 54. Kc4 Rf5 55. Bc5 Nc6 56. Rc7 Ne5+ 0-1

[Event "Titled Tuesday intern op 20th Jun Late"]
[Site "Chess.com INT"]
[Date "2023.06.20"]
[Round "7"]
[White "Avalos Parra, Joao"]
[Black "Liu, Casper Yukun"]
[Result "0-1"]
[WhiteElo "2185"]
[BlackElo "2278"]
[PlyCount "74"]
[EventDate "2023.06.20"]
[EventType "swiss (blitz)"]
[EventRounds "11"]
[EventCountry "USA"]
[SourceTitle "EXT 2024"]
[Source "ChessBase"]
[SourceDate "2023.10.10"]
[SourceVersion "1"]
[SourceVersionDate "2023.10.10"]
[SourceQuality "1"]

1. d4 d5 2. c4 e6 3. Nf3 Nf6 4. Nc3 Nbd7 5. Bf4 Bb4 6. e3 0-0 7. Bd3 c5 8. 0-0 dxc4 9. Bxc4 Bxc3 10. bxc3 b6 11. Re1 Bb7 12. Bd3 Rc8 13. e4 cxd4 14. cxd4 Re8 15. h3 h6 16. Qe2 Nf8 17. Rad1 Ng6 18. Bh2 Rc3 19. Bb5 Re7 20. Qd2 Qc8 21. Bd3 b5 22. Ne5 b4 23. Nxg6 fxg6 24. Be5 Nd7 25. Bd6 Rf7 26. Bxb4 Rc6 27. d5 exd5 28. exd5 Rb6 29. Ba5 Rbf6 30. Re2 Bxd5 31. Bxg6 Rxg6 32. Qxd5 Nf6 33. Qb3 Qb7 34. Qxb7 Rxb7 35. Rd8+ Kh7 36. Rd6 Nh5 37. Bd2 Rxd6 0-1

[Event "Titled Tuesday intern op 13th Jun Late"]
[Site "Chess.com INT"]
[Date "2023.06.13"]
[Round "3"]
[White "Chor, Kevin"]
[Black "Avalos Parra, Joao"]
[Result "1-0"]
[WhiteElo "1944"]
[BlackElo "2185"]
[PlyCount "73"]
[EventDate "2023.06.13"]
[EventType "swiss (blitz)"]
[EventRounds "11"]
[EventCountry "USA"]
[SourceTitle "EXT 2024"]
[Source "ChessBase"]
[SourceDate "2023.10.10"]
[SourceVersion "1"]
[SourceVersionDate "2023.10.10"]
[SourceQuality "1"]

1. d4 d5 2. Bf4 Nf6 3. Nc3 c6 4. Qd2 Bf5 5. f3 Nbd7 6. 0-0-0 e6 7. h4 h5 8. Nh3 Bb4 9. a3 Ba5 10. Ng5 Bg6 11. e4 Qe7 12. Bd3 Nh7 13. exd5 cxd5 14. Bxg6 fxg6 15. Nxe6 Nhf8 16. Ng5 0-0-0 17. Kb1 Nf6 18. Rhe1 Qd7 19. Qd3 a6 20. Re2 N8h7 21. Ne6 Rde8 22. Nc5 Qc6 23. b4 Bb6 24. b5 axb5 25. Nxb5 Rxe2 26. Qxe2 Bxc5 27. dxc5 Kd7 28. Nd4 Qxc5 29. Qe6+ Kd8 30. Bd6 Qb6+ 31. Ka2 Re8 32. Be7+ Kc7 33. Qe5+ Kc8 34. Rb1 Qa6 35. Rb3 Kd7 36. Rc3 Rxe7 37. Rc7+ 1-0

[Event "Titled Tuesday intern op 13th Jun Late"]
[Site "Chess.com INT"]
[Date "2023.06.13"]
[Round "7"]
[White "Musovic, Armin"]
[Black "Avalos Parra, Joao"]
[Result "1-0"]
[WhiteElo "2265"]
[BlackElo "2185"]
[PlyCount "105"]
[EventDate "2023.06.13"]
[EventType "swiss (blitz)"]
[EventRounds "11"]
[EventCountry "USA"]
[SourceTitle "EXT 2024"]
[Source "ChessBase"]
[SourceDate "2023.10.10"]
[SourceVersion "1"]
[SourceVersionDate "2023.10.10"]
[SourceQuality "1"]

1. a3 d5 2. Nc3 Nf6 3. d3 e5 4. Bg5 Be6 5. e4 d4 6. Nce2 c5 7. h3 h6 8. Bh4 Nc6 9. f4 Bd6 10. f5 Bd7 11. g4 Qa5+ 12. Kf2 0-0-0 13. Nf3 g5 14. fxg6 Be7 15. b4 cxb4 16. axb4 Qxb4 17. g7 Rhg8 18. Bg3 Qc5 19. Nc1 Rxg7 20. Nb3 Qd6 21. Na5 Bxg4 22. Nxc6 Qxc6 23. Nxe5 Bxd1 24. Nxc6 bxc6 25. Rxd1 Nh5 26. Be5 Bh4+ 27. Kf3 f6 28. Bh2 Rdg8 29. Rb1 Bg3 30. Bg1 Be5 31. Bf2 f5 32. exf5 Rf8 33. h4 Kc7 34. Bh3 Ng3 35. Rhe1 Bd6 36. Bxd4 Rgf7 37. f6 c5 38. Bc3 Nh5 39. Be6 Rh7 40. Ba5+ Kc6 41. c4 Nxf6 42. Kg2 Rg7+ 43. Kh1 Ng4 44. Bd5+ Kd7 45. Rb7+ Kc8 46. Rxg7 Nf2+ 47. Kg2 Nxd3 48. Rb1 Nf4+ 49. Kh1 Ne2 50. Bb7+ Kb8 51. Bf3+ Kc8 52. Bxe2 Re8 53. Bg4+ 1-0

[Event "Titled Tuesday intern op 30th May Early"]
[Site "Chess.com INT"]
[Date "2023.05.30"]
[Round "9"]
[White "Jaskolka, Tomasz"]
[Black "Avalos Parra, Joao"]
[Result "1-0"]
[WhiteElo "2238"]
[BlackElo "2185"]
[PlyCount "143"]
[EventDate "2023.05.30"]
[EventType "swiss (blitz)"]
[EventRounds "11"]
[EventCountry "USA"]
[SourceTitle "CBM 214 Extra"]
[Source "ChessBase"]
[SourceDate "2023.07.31"]
[SourceVersion "1"]
[SourceVersionDate "2023.07.31"]
[SourceQuality "1"]

1. e4 e5 2. Nf3 Nc6 3. Bc4 Bc5 4. b4 Bxb4 5. c3 Be7 6. d4 Na5 7. Bd3 d6 8. 0-0 Nf6 9. h3 0-0 10. Bg5 Nc6 11. Nbd2 h6 12. Be3 Re8 13. Rb1 Bf8 14. Qa4 Bd7 15. Qc2 Qc8 16. Bb5 a6 17. Bc4 b5 18. Bb3 Na5 19. dxe5 dxe5 20. Rfd1 Nxb3 21. axb3 c5 22. c4 b4 23. Qb2 Bc6 24. Nxe5 Nxe4 25. Nxc6 Qxc6 26. Nxe4 Rxe4 27. Rd5 a5 28. Rbd1 a4 29. bxa4 Rxc4 30. Rd7 Qxa4 31. Qe2 Qa2 32. Qf3 Rc2 33. R1d5 Qa1+ 34. Kh2 Qf6 35. Rf5 Qe6 36. Rfxf7 Re8 37. Qb7 Qg6 38. Qd5 Re6 39. Rxf8+ Kxf8 40. Rd8+ Re8 41. Bxc5+ Rxc5 42. Qxc5+ Kf7 43. Qd5+ Kf8 44. Qc5+ Kg8 45. Rxe8+ Qxe8 46. Qxb4 Qe5+ 47. g3 Qe2 48. Qb3+ Kh7 49. Qe3 Qc4 50. Kg2 Qd5+ 51. Qf3 Qd2 52. h4 Qd6 53. Qe3 Qd5+ 54. f3 Qd1 55. Kf2 Qc2+ 56. Qe2 Qc5+ 57. Kg2 Qc3 58. g4 Qc6 59. Qe4+ Qxe4 60. fxe4 Kg6 61. Kf3 Kf6 62. Kf4 g5+ 63. hxg5+ hxg5+ 64. Kf3 Ke5 65. Ke3 Ke6 66. Kd4 Kd6 67. e5+ Ke6 68. Ke4 Ke7 69. Kf5 Kf7 70. Kxg5 Ke6 71. Kh6 Kxe5 72. g5 1-0

[Event "Titled Tuesday intern op 30th May Early"]
[Site "Chess.com INT"]
[Date "2023.05.30"]
[Round "4"]
[White "Toncheva, Nadya"]
[Black "Avalos Parra, Joao"]
[Result "0-1"]
[WhiteElo "2295"]
[BlackElo "2185"]
[PlyCount "94"]
[EventDate "2023.05.30"]
[EventType "swiss (blitz)"]
[EventRounds "11"]
[EventCountry "USA"]
[SourceTitle "CBM 214 Extra"]
[Source "ChessBase"]
[SourceDate "2023.07.31"]
[SourceVersion "1"]
[SourceVersionDate "2023.07.31"]
[SourceQuality "1"]

1. d4 d5 2. c4 e6 3. Nc3 Nf6 4. cxd5 exd5 5. Bg5 c6 6. e3 h6 7. Bh4 Be7 8. Bd3 0-0 9. Qc2 Re8 10. Nf3 Ne4 11. Bxe7 Qxe7 12. Ne5 Nxc3 13. bxc3 Nd7 14. f4 Nxe5 15. fxe5 f6 16. 0-0 fxe5 17. Bh7+ Kh8 18. Bg6 Rd8 19. Rf7 Qg5 20. Raf1 Be6 21. Rxb7 e4 22. Bf7 Rf8 23. Qf2 Bxf7 24. Rxf7 Rxf7 25. Qxf7 Qxe3+ 26. Kh1 Qxc3 27. Qb7 Rg8 28. Qxa7 e3 29. Qe7 Qxd4 30. h3 Qd3 31. Re1 d4 32. a4 Qd2 33. Rb1 e2 34. Kh2 Qf4+ 35. Kg1 d3 36. a5 d2 37. Qxe2 Qd4+ 38. Kh1 Rd8 39. Rd1 c5 40. a6 c4 41. a7 c3 42. Qf3 c2 43. Rf1 d1Q 44. a8Q Qxf1+ 45. Qxf1 Rxa8 46. Kh2 Qd6+ 47. g3 Qd2+ 0-1

[Event "Titled Tuesday intern op 23rd May Early"]
[Site "Chess.com INT"]
[Date "2023.05.23"]
[Round "6"]
[White "Avalos Parra, Joao"]
[Black "Estrada Nieto, Julian"]
[Result "1-0"]
[WhiteElo "2185"]
[BlackElo "2215"]
[PlyCount "103"]
[EventDate "2023.05.23"]
[EventType "swiss (blitz)"]
[EventRounds "11"]
[EventCountry "USA"]
[SourceTitle "CBM 214 Extra"]
[Source "ChessBase"]
[SourceDate "2023.07.31"]
[SourceVersion "1"]
[SourceVersionDate "2023.07.31"]
[SourceQuality "1"]

1. d4 d5 2. c4 dxc4 3. e4 e5 4. Nf3 exd4 5. Bxc4 Nc6 6. 0-0 Be6 7. Bb5 Bc5 8. b4 Bb6 9. a4 a6 10. Bxc6+ bxc6 11. Nbd2 Nf6 12. Ne5 Qd6 13. Nd3 Qd7 14. f4 Qe7 15. f5 Bd7 16. Qf3 0-0 17. e5 Nd5 18. Ne4 f6 19. e6 Be8 20. Bb2 Nc3 21. a5 Ba7 22. Rac1 c5 23. bxc5 Bb5 24. Nxc3 dxc3 25. Rxc3 Rad8 26. Ba3 Rxd3 27. Rxd3 Bxd3 28. Qxd3 Bxc5+ 29. Bxc5 Qxc5+ 30. Kh1 Qb5 31. Qxb5 axb5 32. Rc1 Rc8 33. Rc6 Kf8 34. Kg1 Ke7 35. Kf2 Kd8 36. Ke3 Ra8 37. a6 b4 38. Kd3 b3 39. Kc3 Rb8 40. Kb2 Ra8 41. Kxb3 Kc8 42. Kc4 Kd8 43. Kc5 Ra7 44. Kb5 Ra8 45. Rc2 Ra7 46. Rd2+ Ke8 47. Ra2 Ke7 48. Kc6 Kd8 49. Ra4 Kc8 50. g4 h6 51. e7 Rxa6+ 52. Rxa6 1-0